Trouvez à qui appartiennent ces ending de Tekken - Statistiques

Statistiques générales
  • Ce quiz a été pris 41 fois
  • Le résultat moyen est 9 sur 20
Statistiques - réponses
Par images Réponse % Correct
Julia
69%
Kuma
66%
Kuma
66%
Kuma
66%
Kuma
66%
Kuma
66%
Xiaoyu
60%
Anna
54%
Bryan
54%
Christie
54%
Michelle
54%
Marduk
49%
Raven
43%
Bruce
40%
Lucky Chloe
40%
Combot
26%
Mokujin
23%
Jack-6
17%
P.Jack
14%
Gun Jack
11%
Aucun quiz correspondant
Distribution des résultats
% des personnes avec chaque résultat
Percentile par nombre de réponses
Votre historique - résultats
Vous n’avez pas pris ce quiz